[Event "DRUGA LIGA CENTRALNE SRBIJE - ISTOK 2017"]
[Site "Srebrno jezero"]
[Date "2017.09.09"]
[Round "3.2"]
[White "Djordjevic, Danilo**"]
[Black "Zivic, Dragan"]
[Result "0-1"]
[WhiteElo "2125"]
[BlackElo "2181"]
[PlyCount "80"]
[EventDate "2017.09.08"]

1. e4 c5 2. Nf3 e6 3. d4 cxd4 4. Nxd4 Nc6 5. Be3 Nf6 6. Nxc6 bxc6 7. Bd3 d5 8.
e5 Nd7 9. f4 Bc5 10. Bd2 Qb6 11. Nc3 Be3 12. Rb1 Rb8 13. Qe2 Bxd2+ 14. Kxd2 Nc5
15. Qf2 a5 16. a3 a4 17. Qg3 O-O 18. Rhf1 Ba6 19. Bxa6 Qxa6 20. Rfe1 Qc4 21.
Qf3 f6 22. g3 fxe5 23. Rxe5 Qd4+ 24. Ke2 Rf6 25. h4 Nd7 26. Re3 Qc4+ 27. Ke1 d4
28. Re4 Nc5 29. Rd1 e5 30. Ne2 Nxe4 31. Qxe4 exf4 32. Rxd4 Qf7 33. gxf4 Re8 34.
Qf3 Rfe6 35. Rd2 Qf6 36. Kf1 Qxh4 37. Qg3 Qh1+ 38. Kf2 Rg6 39. Qf3 Qh2+ 40. Kf1
Rxe2 0-1

[Event "DRUGA LIGA CENTRALNE SRBIJE - ISTOK 2017"]
[Site "Srebrno jezero"]
[Date "2017.09.09"]
[Round "3.2"]
[White "Djordjevic, Dejan N"]
[Black "Ristic, Boban"]
[Result "1/2-1/2"]
[WhiteElo "2190"]
[BlackElo "2030"]
[PlyCount "110"]
[EventDate "2017.09.08"]

1. e4 d6 2. d4 Nf6 3. Nc3 c6 4. a4 Qa5 5. f3 e5 6. Be3 Be7 7. Bc4 Nbd7 8. Nge2
d5 9. exd5 cxd5 10. Bb5 e4 11. Bd2 Bb4 12. Nf4 Bxc3 13. Bxc3 Qc7 14. Qd2 O-O
15. O-O exf3 16. gxf3 a6 17. Bd3 Re8 18. Rfe1 Rxe1+ 19. Rxe1 Nf8 20. Re5 Be6
21. Bb4 Qd7 22. b3 Qc6 23. Be7 N8d7 24. Re2 Re8 25. Qb4 g6 26. a5 Kg7 27. h4
Ng8 28. Bd6 Nh6 29. h5 g5 30. Nxe6+ Rxe6 31. Rxe6 fxe6 32. Be7 Nf7 33. h6+ Kg8
34. Qd2 Qc7 35. Kg2 Qf4 36. Qe2 e5 37. c4 Nxh6 38. cxd5 g4 39. Qe4 gxf3+ 40.
Qxf3 Qxd4 41. d6 Qg4+ 42. Qxg4+ Nxg4 43. Kg3 Ngf6 44. Bc4+ Kg7 45. Be6 Ne4+ 46.
Kg4 Nec5 47. Bd5 Nf6+ 48. Bxf6+ Kxf6 49. b4 Nd3 50. Bxb7 Nxb4 51. Bc8 Nc6 52.
Bxa6 Nxa5 53. Bd3 Ke6 54. Bxh7 Kxd6 55. Kf3 Nc6 1/2-1/2

[Event "DRUGA LIGA CENTRALNE SRBIJE - ISTOK 2017"]
[Site "Srebrno jezero"]
[Date "2017.09.09"]
[Round "3.2"]
[White "Milosavljevic, Ivan"]
[Black "Stankovic, Dejan"]
[Result "1/2-1/2"]
[WhiteElo "2063"]
[BlackElo "2222"]
[PlyCount "126"]
[EventDate "2017.09.08"]

1. e4 e5 2. Bc4 Nf6 3. Nc3 Bb4 4. d3 O-O 5. Bg5 c6 6. a3 Bxc3+ 7. bxc3 d5 8.
exd5 cxd5 9. Bb3 Re8 10. Ne2 Nc6 11. Ng3 Be6 12. Nh5 Qa5 13. Bxf6 Qxc3+ 14. Kf1
gxf6 15. Nxf6+ Kg7 16. Nxe8+ Rxe8 17. Qe1 Qd4 18. Rd1 Bg4 19. f3 Bf5 20. h4 h5
21. Qf2 Rc8 22. Qxd4 Nxd4 23. Bxd5 Rxc2 24. Bxb7 Ne2 25. Be4 Ng3+ 26. Kg1 Bxe4
27. dxe4 Nxh1 28. Kxh1 Rc3 29. Rd5 Rxa3 30. Rxe5 Kg6 31. Kh2 f6 32. Rc5 a5 33.
Kg3 Ra2 34. Rc6 Kg7 35. Ra6 a4 36. Kf4 Rxg2 37. Rxa4 Kg6 38. Ra6 Re2 39. Re6
Ra2 40. e5 Ra4+ 41. Kg3 Kf5 42. Rxf6+ Kxe5 43. Rh6 Kf5 44. Rxh5+ Kf6 45. Rg5
Rb4 46. Rg4 Rb5 47. Ra4 Kf5 48. Ra6 Rb4 49. h5 Kg5 50. h6 Rg4+ 51. Kf2 Rh4 52.
Ke3 Kf5 53. Ra7 Rh3 54. h7 Rh4 55. Rb7 Rh3 56. Kf2 Rh6 57. Kg2 Rh4 58. Kg3 Rh6
59. Ra7 Rg6+ 60. Kf2 Rh6 61. Ke3 Rh4 62. Rd7 Ke6 63. Ra7 Kf5 1/2-1/2

[Event "DRUGA LIGA CENTRALNE SRBIJE - ISTOK 2017"]
[Site "Srebrno jezero"]
[Date "2017.09.09"]
[Round "3.2"]
[White "Ivanovic, Veljko**"]
[Black "Velickovic, Dusan*"]
[Result "1/2-1/2"]
[WhiteElo "1962"]
[BlackElo "1970"]
[PlyCount "71"]
[EventDate "2017.09.08"]

1. d4 g6 2. c4 Bg7 3. Nf3 d6 4. Nc3 Nd7 5. e4 b6 6. Be2 Bb7 7. O-O e6 8. Bg5
Bf6 9. Bxf6 Ngxf6 10. d5 O-O 11. Qc2 Nh5 12. g3 a6 13. Ne1 Ng7 14. Nd3 f5 15.
Bf3 e5 16. b4 Nf6 17. Bg2 fxe4 18. Nxe4 Nf5 19. Rae1 Nd4 20. Qd1 Nxe4 21. Bxe4
c5 22. f4 exf4 23. Nxf4 Qg5 24. bxc5 bxc5 25. Kg2 Bc8 26. h4 Qg4 27. Qd3 Ra7
28. Rf2 Raf7 29. Ref1 Bf5 30. Kh2 Bxe4 31. Qxe4 Nf5 32. Qf3 Nh6 33. Kh1 Re8 34.
Qc3 Nf5 35. Rf3 Nd4 36. Re3 1/2-1/2

[Event "DRUGA LIGA CENTRALNE SRBIJE - ISTOK 2017"]
[Site "Srebrno jezero"]
[Date "2017.09.09"]
[Round "3.2"]
[White "Bogdanovic, Dragan"]
[Black "Petrovic, Dusan**"]
[Result "0-1"]
[WhiteElo "1941"]
[BlackElo "1873"]
[PlyCount "64"]
[EventDate "2017.09.08"]

1. d4 d5 2. c4 c6 3. e3 Nf6 4. Nc3 a6 5. cxd5 cxd5 6. Nf3 Bf5 7. Bd3 Bxd3 8.
Qxd3 Nc6 9. a3 Rc8 10. O-O e6 11. Rd1 Be7 12. e4 O-O 13. e5 Nd7 14. Be3 Na5 15.
Ne1 Nc4 16. Qe2 Qa5 17. Rdc1 Rc6 18. Nd3 Rfc8 19. b4 Qc7 20. b5 axb5 21. Nxb5
Qa5 22. a4 Ndb6 23. Qe1 Qxe1+ 24. Rxe1 Nxe3 25. fxe3 Ra8 26. Nb2 Rc2 27. Reb1
Bg5 28. Nd3 Bxe3+ 29. Kh1 Rxa4 30. Rxa4 Nxa4 31. Ra1 Nb6 32. g3 g6 0-1

[Event "DRUGA LIGA CENTRALNE SRBIJE - ISTOK 2017"]
[Site "Srebrno jezero"]
[Date "2017.09.09"]
[Round "3.3"]
[White "Petkov, Vladimir"]
[Black "Golubovic, Zoran"]
[Result "1/2-1/2"]
[WhiteElo "2495"]
[BlackElo "2274"]
[PlyCount "88"]
[EventDate "2017.09.08"]

1. d4 Nf6 2. c4 e6 3. g3 d5 4. Nf3 Be7 5. Bg2 O-O 6. O-O c6 7. Nc3 b6 8. Ne5
Bb7 9. e4 dxc4 10. Nxc4 Ba6 11. b3 b5 12. Ne3 b4 13. Ne2 Bxe2 14. Qxe2 Qxd4 15.
Bb2 Qb6 16. Bxf6 Bxf6 17. e5 Be7 18. Rac1 a5 19. Nc4 Qb5 20. Ne3 Qb6 21. Rc4
Qb5 22. Nc2 Rd8 23. Re1 Qb6 24. Ne3 Ra7 25. Rf4 Rad7 26. Nc4 Qa6 27. h4 c5 28.
Be4 Bf8 29. Qf3 Rc7 30. h5 Rd4 31. Kg2 a4 32. Re3 axb3 33. axb3 h6 34. Re2 Nc6
35. Bxc6 Rxf4 36. gxf4 Qxc6 37. Qxc6 Rxc6 38. Ra2 Rc7 39. Ra4 Rd7 40. Nd6 f5
41. Kf3 g6 42. hxg6 Kg7 43. Ne8+ Kxg6 44. Nf6 Rf7 1/2-1/2

[Event "DRUGA LIGA CENTRALNE SRBIJE - ISTOK 2017"]
[Site "Srebrno jezero"]
[Date "2017.09.09"]
[Round "3.3"]
[White "Keca, Dragomir"]
[Black "Todorovic, Bojan"]
[Result "1-0"]
[WhiteElo "2174"]
[BlackElo "2351"]
[PlyCount "89"]
[EventDate "2017.09.08"]

1. c4 g6 2. e4 Bg7 3. d4 d6 4. Nc3 Nf6 5. Nf3 O-O 6. Be2 e5 7. O-O exd4 8. Nxd4
Re8 9. f3 Nc6 10. Be3 Nh5 11. Qd2 Nf4 12. Nxc6 Nxe2+ 13. Nxe2 bxc6 14. Bd4 Qe7
15. Nc3 Bxd4+ 16. Qxd4 Qe5 17. Rad1 Qxd4+ 18. Rxd4 Be6 19. b3 a5 20. Rc1 Kg7
21. Kf2 f5 22. Re1 Kf6 23. exf5 Bxf5 24. Rxe8 Rxe8 25. c5 d5 26. g4 Bd7 27. Ra4
g5 28. Rxa5 d4 29. Ne4+ Ke5 30. h3 h5 31. Kg3 Be6 32. Ra4 Rd8 33. Nxg5 Bg8 34.
f4+ Kd5 35. Rc4 hxg4 36. hxg4 Re8 37. Nf3 Re4 38. a4 Re3 39. Rxd4+ Kxc5 40. b4+
Kb6 41. f5 c5 42. bxc5+ Kxc5 43. Rf4 Kd6 44. g5 c5 45. g6 1-0

[Event "DRUGA LIGA CENTRALNE SRBIJE - ISTOK 2017"]
[Site "Srebrno jezero"]
[Date "2017.09.09"]
[Round "3.3"]
[White "Manic, Jovica"]
[Black "Radivojevic, Milan Z"]
[Result "1-0"]
[WhiteElo "2220"]
[BlackElo "2083"]
[PlyCount "37"]
[EventDate "2017.09.08"]

1. e4 c5 2. Nf3 e6 3. d4 cxd4 4. Nxd4 Nc6 5. Nc3 Qc7 6. f4 a6 7. Nf3 d6 8. Bd3
Nf6 9. O-O Be7 10. Qe1 O-O 11. Kh1 Rd8 12. e5 Nd7 13. exd6 Bxd6 14. Ne4 Bf8 15.
Nfg5 Nb4 16. Nxf7 Nxd3 17. cxd3 Kxf7 18. Ng5+ Kg8 19. Qxe6+ 1-0

[Event "DRUGA LIGA CENTRALNE SRBIJE - ISTOK 2017"]
[Site "Srebrno jezero"]
[Date "2017.09.09"]
[Round "3.3"]
[White "Zivic, Jovan"]
[Black "Nikolic, Boban"]
[Result "0-1"]
[WhiteElo "2090"]
[BlackElo "2248"]
[PlyCount "120"]
[EventDate "2017.09.08"]

1. d4 Nf6 2. Nf3 e6 3. e3 c5 4. Be2 b6 5. O-O Bb7 6. c4 g6 7. Nc3 Bg7 8. Qc2
O-O 9. b3 d5 10. Rd1 Qe7 11. Bb2 dxc4 12. bxc4 cxd4 13. exd4 Rd8 14. a4 Nc6 15.
Ba3 Qd7 16. c5 Nd5 17. Nb5 bxc5 18. Bxc5 Rac8 19. Qb3 Nf4 20. Bf1 Ba8 21. Rac1
Qb7 22. Rc3 Nd5 23. Rcd3 Rb8 24. Qa3 Bf8 25. Bxf8 Rxf8 26. Nd6 Qe7 27. Nc4 Rfd8
28. Qxe7 Ncxe7 29. Nce5 f6 30. Nc4 Nf4 31. Ra3 Nf5 32. g3 Nd5 33. Bh3 Nb4 34.
Bxf5 gxf5 35. Rb3 Nc2 36. Rxb8 Rxb8 37. Ne1 Rb4 38. Nxc2 Rxc4 39. Ne3 Rxa4 40.
d5 exd5 41. Nxd5 Kf7 42. h4 Ra5 43. Nf4 Bf3 44. Rc1 Ra3 45. Ng2 a5 46. Ne3 Be4
47. Nc4 Ra2 48. Re1 Kg6 49. Nd6 Bf3 50. Nb5 a4 51. Nd4 Be4 52. f3 Bd5 53. Rd1
a3 54. h5+ Kxh5 55. Nxf5 Bxf3 56. Rd7 Be4 57. Nd6 Rd2 58. Nxe4 Rxd7 59. Nxf6+
Kg6 60. Nxd7 a2 0-1

[Event "DRUGA LIGA CENTRALNE SRBIJE - ISTOK 2017"]
[Site "Srebrno jezero"]
[Date "2017.09.09"]
[Round "3.3"]
[White "Jovanovic, Bojan P*"]
[Black "Stojanovic, Milorad"]
[Result "1-0"]
[WhiteElo "2241"]
[BlackElo "1922"]
[PlyCount "75"]
[EventDate "2017.09.08"]

1. b3 Nf6 2. Bb2 e6 3. e3 b6 4. f4 Bb7 5. Nf3 c5 6. Be2 Nc6 7. O-O Be7 8. d3
Nd5 9. Qc1 Bf6 10. c3 d6 11. e4 Nc7 12. d4 O-O 13. Qe3 g6 14. Rd1 cxd4 15. cxd4
d5 16. e5 Be7 17. a3 Ba6 18. Bxa6 Nxa6 19. Qd3 Nc7 20. Rc1 Na5 21. Nbd2 Qd7 22.
g4 Rfc8 23. Rf1 Ne8 24. Ne1 Ng7 25. Ng2 Rc7 26. Ne3 Rac8 27. Kg2 Qd8 28. Rf3 f5
29. exf6 Bxf6 30. Rh3 Rf7 31. Rf1 Rcc7 32. Rff3 Qd6 33. Rh6 Nc6 34. Rfh3 Ne8
35. Rxh7 Rg7 36. Rh8+ Kf7 37. g5 Bd8 38. Ng4 1-0

[Event "DRUGA LIGA CENTRALNE SRBIJE - ISTOK 2017"]
[Site "Srebrno jezero"]
[Date "2017.09.09"]
[Round "3.3"]
[White "Stankovic, Darko*"]
[Black "Perovic, Zivojin**"]
[Result "0-1"]
[WhiteElo "1912"]
[BlackElo "2180"]
[PlyCount "66"]
[EventDate "2017.09.08"]

1. d4 Nf6 2. Nf3 g6 3. Bf4 Bg7 4. e3 O-O 5. Be2 d6 6. O-O Bg4 7. h3 Bxf3 8.
Bxf3 c6 9. c3 Nbd7 10. Qb3 Qc7 11. Nd2 Rfe8 12. Bg3 Rab8 13. Rfe1 c5 14. Rad1
b5 15. Nf1 c4 16. Qc2 e5 17. e4 Nb6 18. Ne3 Nfd7 19. Re2 exd4 20. cxd4 Nf8 21.
Qd2 Ne6 22. Nc2 Na4 23. Qb4 Red8 24. Re3 a5 25. Qa3 Bh6 26. Ree1 c3 27. bxc3
Nxc3 28. Rd3 b4 29. Qb2 Qc4 30. d5 Qxd3 31. dxe6 fxe6 32. Qb3 Re8 33. Bg4 a4
0-1

[Event "DRUGA LIGA CENTRALNE SRBIJE - ISTOK 2017"]
[Site "Srebrno jezero"]
[Date "2017.09.09"]
[Round "3.3"]
[White "Mitic, Milan"]
[Black "Zivkovic, Milutin**"]
[Result "1-0"]
[WhiteElo "2117"]
[BlackElo "1744"]
[PlyCount "71"]
[EventDate "2017.09.08"]

1. d4 Nf6 2. c4 e6 3. Nc3 Bb4 4. Qc2 O-O 5. Nf3 c5 6. e3 b6 7. Be2 Bb7 8. O-O
Bxc3 9. Qxc3 Nc6 10. Rd1 d6 11. b3 Qe7 12. Bb2 Ne4 13. Qc2 f5 14. a3 Nb8 15.
dxc5 bxc5 16. Nd2 Nd7 17. Nxe4 fxe4 18. Qd2 d5 19. f3 exf3 20. Bxf3 Nb6 21. Be5
Rfd8 22. Qc3 dxc4 23. Bxb7 Qxb7 24. bxc4 Rd7 25. a4 Rad8 26. Rxd7 Qxd7 27. a5
Nc8 28. Rb1 Nd6 29. Rd1 Qe7 30. Qb3 Qc7 31. Qd3 Qxa5 32. Bxd6 Qb6 33. e4 a5 34.
e5 a4 35. Qa3 Qc6 36. Ra1 1-0

[Event "DRUGA LIGA CENTRALNE SRBIJE - ISTOK 2017"]
[Site "Srebrno jezero"]
[Date "2017.09.09"]
[Round "3.3"]
[White "Pavlovic, Andrija**"]
[Black "Arandjelovic, Aleksandar Z"]
[Result "0-1"]
[WhiteElo "1665"]
[BlackElo "2092"]
[PlyCount "86"]
[EventDate "2017.09.08"]

1. Nf3 f5 2. c4 Nf6 3. b3 g6 4. Bb2 Bg7 5. e3 d6 6. d4 c6 7. Bd3 a5 8. a4 Na6
9. Bc3 Nb4 10. Bxb4 axb4 11. Ra2 O-O 12. Nbd2 Nh5 13. O-O e5 14. Bb1 e4 15. Ne1
b6 16. g3 Nf6 17. Ng2 c5 18. d5 Ng4 19. f3 exf3 20. Nxf3 Re8 21. Re2 Ra7 22.
Rfe1 Bc3 23. Rf1 Qe7 24. e4 Qg7 25. exf5 Rxe2 26. Qxe2 Re7 27. Qd1 gxf5 28. Kh1
Bf6 29. Qd2 h6 30. Nfh4 Bg5 31. Nf4 Bxh4 32. gxh4 Qf6 33. h3 Qxh4 34. Rg1 Kf7
35. Kg2 Re3 36. Qxe3 Nxe3+ 37. Kf3 Ng4 38. hxg4 fxg4+ 39. Ke3 Qg5 40. Rf1 Qe5+
41. Be4 Qd4+ 42. Ke2 Qxe4+ 43. Kd2 Bf5 0-1

[Event "DRUGA LIGA CENTRALNE SRBIJE - ISTOK 2017"]
[Site "Srebrno jezero"]
[Date "2017.09.09"]
[Round "3.1"]
[White "Dimitrijevic, Dusan"]
[Black "Djordjevic, Lazar**"]
[Result "1-0"]
[WhiteElo "2109"]
[BlackElo "1833"]
[PlyCount "54"]
[EventDate "2017.09.08"]

1. e4 c5 2. Nc3 Nc6 3. g3 e6 4. Bg2 Nf6 5. d3 Be7 6. f4 d5 7. e5 Nd7 8. Nf3 a6
9. Ne2 f6 10. exf6 Bxf6 11. O-O O-O 12. c3 Qe7 13. d4 Nb6 14. b3 Bd7 15. Ba3
Qd8 16. Bxc5 Be7 17. Bxe7 Nxe7 18. Re1 Rc8 19. Qd2 Nf5 20. Ne5 Bb5 21. a4 Bxe2
22. Rxe2 Qc7 23. Rc1 Qd6 24. Nd3 Nd7 25. Rce1 Qb6 26. Nb4 Rf6 27. Rxe6 Nd6 1-0